| 000 | 00000nas 2200000za 4500 |
| 001 | 9.864380 |
| 003 | CaOODSP |
| 005 | 20221107161526 |
| 007 | cr ||||||||||| |
| 008 | 181107d19641980oncar p oss f0###b0fre|d |
| 022 | |y0575-9293 |
| 040 | |aCaOODSP|bfre |
| 041 | |aeng|afre |
| 043 | |an-cn--- |
| 086 | 1 |aCS36-207-PDF |
| 245 | 00|aPaper and plastic bag manufacturers |h[ressource électronique] = |bManufacturiers de sacs en papier et en plastique. |
| 246 | 11|aManufacturiers de sacs en papier et en plastique |
| 246 | 13|aFabricants de sacs en papier et en plastique|f1970-1980 |
| 260 | |a[Ottawa] : |bDominion Bureau of Statistics, Industry Division = Bureau fédéral de la statistique, Division de l'industrie, |c1966-1982. |
| 310 | |aAnnuel |
| 362 | 0 |a1964-1980. |
| 490 | 0 |aAnnual census of manufactures = |aRecensement annuel des manufactures |
| 500 | |aÉdition numérisée de l’imprimé [par Statistique Canada]. |
| 546 | |aTexte en anglais et en français. |
| 550 | |aPubl. 1965-1969 par la Division des industries manufacturières et primaires; 1970-1978 par Statistique Canada, Division des industries manufacturières et primaires; 1979-1980 par la Section des machines, du bois et des produits en métal. |
| 580 | |aFusionné avec : Corrugated box manufacturers (Final); et, Folding carton and set-up box manufacturers (Final), et devient : Paper box and bag manufacturers. |
| 653 | 2|aSacs |
| 692 | 07|2gccst|aIndustrie des pâtes et papiers |
| 692 | 07|2gccst|aIndustrie des matières plastiques |
| 692 | 07|2gccst|aIndustrie de la fabrication |
| 710 | 1 |aCanada. |bBureau fédéral de la statistique. |bDivision de l'industrie. |
| 710 | 1 |aCanada. |bBureau fédéral de la statistique. |bDivision des industries manufacturières et primaires. |
| 710 | 1 |aCanada. |bStatistique Canada. |bSection des machines, du bois et des produits en métal. |
| 710 | 1 |aCanada. |bStatistique Canada. |bDivision des industries manufacturières et primaires. |
| 780 | 00|tPaper bag manufacturers |w(CaOODSP)9.864413 |
| 791 | |tPaper and plastic bag manufacturers |eeng|w(CaOODSP)9.864376 |